000
00304nam a22001097a 4500
040
_c
SY
082
_a
338
100
_a
LOEUN SIMONA; លឿង ស៊ីម៉ូណា
245
_a
Tourism management, ការគ្រប់គ្រងទេសចរណ៍
260
_a
RUA
_b
LOE
_c
1997
942
_c
KB
999
_c
9326
_d
9326